01407nam a2200253 a 450000100060000000300080000600500170001400800410003102000160007202000150008803500190010304000470012204100080016908200270017711000850020424502360028925000130052526000430053830000340058150000650061552004060068065000340108674000330112073301BD-RjUL20211209082356.0170530s1979 enka 001 0 eng d a08536901290 a0853691290 a(BD-RjUL)73519 aNLMcNLMdAZAdSBHdOKHdEQOdBD-RjULbeng aeng 223a615.1141bPHP 19792 aPharmaceutical Society of Great Britain.bDepartment of Pharmaceutical Sciences.14aThe pharmaceutical codex :bincorporating the British pharmaceutical codex /cprepared in the Department of Pharmaceutical Sciences of the Pharmaceutical Society of Great Britain and published by direction of the Society's Council. a11th ed. aLondon :bPharmaceutical Press,c1979. axxiii, 1101 :bill. ;c28 cm. aPrevious edition called: British pharmaceutical codex, 1973. aAlphabetical listing of diseases, medicinal substances, entries on pharmaceutical topics, pesticides, surgical dressings, and entries describing chromatographic and spectrophotometric techniques. "Intended to update the British Pharmaceutical Codex 1973 as a formulary and general reference book but does not supersede that volume in respect of any standards not taken into the British Pharmacopoeia." 2aPharmacopoeiaszGreat Britain01aBritish pharmaceutical codex